Ali Baba and the forty thieves in Malaysia : a postcolonial history through intertextual analysis of illustrations, film and art /
Saved in:
| Main Author: | |
|---|---|
| Format: | Thesis Book |
| Language: | English |
| Published: |
2020.
|
| Subjects: | |
| Tags: |
Add Tag
No Tags, Be the first to tag this record!
|
| LEADER | 01447nam a2200373 i 4500 | ||
|---|---|---|---|
| 001 | u1155834 | ||
| 003 | SIRSI | ||
| 005 | 202205261138 | ||
| 008 | 220526s2020 my a m 000 0 eng | ||
| 040 | |a UMM |d AUM |e rda | ||
| 043 | |a a-my--- | ||
| 090 | |a N7428 |b UM 2020 Lim | ||
| 100 | 1 | |a Lim, Lianne, |e author. | |
| 245 | 1 | 0 | |a Ali Baba and the forty thieves in Malaysia : |b a postcolonial history through intertextual analysis of illustrations, film and art / |c Lim Lianne. |
| 264 | 1 | |c 2020. | |
| 300 | |a xiv, 109 leaves : |b illustrations ; |c 30 cm | ||
| 336 | |a text |2 rdacontent | ||
| 336 | |a still image |2 rdacontent | ||
| 337 | |a unmediated |2 rdamedia | ||
| 337 | |a computer |2 rdamedia | ||
| 338 | |a volume |2 rdacarrier | ||
| 338 | |a computer disc |2 rdacarrier | ||
| 502 | |b M.A.Vis.Arts |c Pusat Kebudayaan, Universiti Malaya |d 2020. | ||
| 504 | |a Bibliography: leaves 96-104. | ||
| 530 | |a Also issued in CD. | ||
| 650 | 0 | |a Intertextuality |x In literature | |
| 650 | 0 | |a Postcolonialism |z Malaysia. | |
| 650 | 0 | |a Motion pictures |x History and criticism. | |
| 650 | 0 | |a Malay literature. | |
| 710 | 2 | |a Universiti Malaya. |b Pusat Kebudayaan, |e degree granting institution. | |
| 900 | |a FNM US | ||
| 596 | |a 1 25 | ||
| 999 | |a N7428 UM 2020 LIM |w LC |c 1 |i A517729622 |f 22/7/2022 |g 1 |l STACKS |m P01UTAMA |r Y |s Y |t TESIS |u 22/7/2022 |1 AHSS | ||
| 999 | |a N7428 UM 2020 LIM |w LC |c 1 |i A517729636 |f 25/8/2022 |g 1 |l STACKS |m P25UMARCHI |r N |s Y |t CD |u 25/8/2022 |1 AHSS |o .STAFF. MST-CD1319 | ||
